| 000 | 00379nam a22001337a 4500 | ||
|---|---|---|---|
| 020 | _qHB. | ||
| 040 | _cFIZZA ISHAQ | ||
| 082 |
_a423.1 _bDON |
||
| 100 |
_aAYERS,M.DONALD. _9133195 |
||
| 245 |
_aENGLISH WORDS FROM LATIN AND GREEK ELEMENTS / _cDONALD M.AYERS. |
||
| 260 |
_aNEW YORK ; _bTHE UNIVERSITY OF ARIZONA PRESS, _c1965. |
||
| 300 |
_a271 P. ; _c8.9X5.9IN |
||
| 942 |
_2ddc _cBK |
||
| 999 |
_c616200 _d616200 |
||